Návrh metodiky sledovania enviromentálnych nákladov v a. s. Slovnaft : Diplomová práca

Gespeichert in:
Bibliographische Detailangaben
1. Verfasser: Podskľan, Adrián (Verfasst von)
Weitere Verfasser: Sakál, Peter, 1951- (xxx)
Format: Manuskript Buch
Sprache:Slowakisch
Veröffentlicht: Trnava : STU v Bratislave MtF KMK, 1999
Schlagworte:
Tags: Tag hinzufügen
Keine Tags, Fügen Sie das erste Tag hinzu!

MARC

LEADER 00000ntm a22000003a 4500
001 stu75054
005 20160719155104.6
008 020315s1999----xo------------------slo-d
040 |a STU  |b slo 
041 0 |a slo 
044 |a xo 
100 1 |a Podskľan, Adrián  |4 aut 
245 1 |a Návrh metodiky sledovania enviromentálnych nákladov v a. s. Slovnaft :  |b Diplomová práca 
260 |a Trnava :  |b STU v Bratislave MtF KMK,  |c 1999 
300 |a 59 s  |c abstr. 
650 7 |a Náklady-enviromentálne  |2 stusub 
650 7 |a manažment environmentálny  |2 stusub 
650 7 |a manažment priemyselných podnikov  |2 stusub 
700 1 |a Sakál, Peter,  |d 1951-  |4 xxx  |u M4000  |U MTF Materiálovotechnologická fakulta  |T MTF Ústav priemyselného inžinierstva a manažmentu  |X 325  |U M4000  |Y 84  |7 A000000325 
996 |b 284M041798  |c M*DP-1033  |l MMSKP  |s P  |a 0  |w stu75054_0001